Movies Quiz

Random Movies or Oscar Quiz

Oscar Supporting Actress Quiz Stats

 Plays Quiz Updated Apr 25, 2021

Support Sporcle.
Go Orange.
Score 0/85 Timer 10:00
13 Plays Today
Year Actress % Correct
2012Anne Hathaway
88.3%
2016Viola Davis
87.8%
2002Catherine Zeta-Jones
86.7%
1979Meryl Streep
83.7%
1999Angelina Jolie
82.9%
2006Jennifer Hudson
82.9%
1990Whoopi Goldberg
82.5%
2004Cate Blanchett
78.6%
2019Laura Dern
78.2%
2008Penélope Cruz
77.3%
2003Renée Zellweger
77%
1992Marisa Tomei
75.5%
2014Patricia Arquette
74.9%
2017Allison Janney
74.5%
1998Judi Dench
73.5%
1997Kim Basinger
72.9%
2001Jennifer Connelly
71.6%
2011Octavia Spencer
70.3%
2015Alicia Vikander
69.7%
2013Lupita Nyong'o
69.3%
1988Geena Davis
68.9%
2018Regina King
68.6%
1993Anna Paquin
67.5%
2005Rachel Weisz
64.3%
2007Tilda Swinton
63.7%
1973Tatum O'Neal
63%
1982Jessica Lange
62.3%
1995Mira Sorvino
61.9%
1960Shirley Jones
60.9%
Year Actress % Correct
2020Yuh-Jung Youn
59.5%
1978Maggie Smith
58.5%
2009Mo'Nique
56.9%
1987Olympia Dukakis
56.4%
1986Dianne Wiest
56.3%
1994Dianne Wiest
56.3%
1983Linda Hunt
55.8%
1996Juliette Binoche
55.5%
1985Anjelica Huston
54.6%
1974Ingrid Bergman
53%
2000Marcia Gay Harden
52.8%
1961Rita Moreno
52.6%
1969Goldie Hawn
52.5%
1939Hattie McDaniel
49.3%
2010Melissa Leo
49.2%
1962Patty Duke
47.5%
1954Eva Marie Saint
44%
1951Kim Hunter
44%
1977Vanessa Redgrave
43.8%
1991Mercedes Ruehl
43.2%
1959Shelley Winters
42.6%
1965Shelley Winters
42.6%
1989Brenda Fricker
42.5%
1970Helen Hayes
42.5%
1971Cloris Leachman
42.3%
1968Ruth Gordon
37.7%
1953Donna Reed
37.2%
1981Maureen Stapleton
36.1%
1980Mary Steenburgen
36.1%
Year Actress % Correct
1966Sandy Dennis
35.9%
1967Estelle Parsons
34.3%
1975Lee Grant
32.4%
1976Beatrice Straight
31.4%
1984Peggy Ashcroft
30.7%
1949Mercedes McCambridge
28.9%
1942Teresa Wright
28.6%
1944Ethel Barrymore
28.1%
1946Anne Baxter
28%
1947Celeste Holm
27.8%
1957Miyoshi Umeki
27.2%
1963Margaret Rutherford
25.8%
1958Wendy Hiller
25%
1955Jo Van Fleet
24.3%
1972Eileen Heckart
24.2%
1938Fay Bainter
24.2%
1941Mary Astor
23.6%
1936Gale Sondergaard
23.2%
1950Josephine Hull
23.1%
1940Jane Darwell
22.9%
1952Gloria Grahame
22.9%
1956Dorothy Malone
22.5%
1948Claire Trevor
22.5%
1964Lila Kedrova
22.4%
1945Anne Revere
22.1%
1937Alice Brady
21.8%
1943Katina Paxinou
21.7%

From the Vault

More European Landmarks by Country

by ChargingTiger

This is the only place you can go to see 25 awesome landmarks without paying a tourist fee or waiting in line for an hour.
Remove Ads.
Support Sporcle.
Get the best of Sporcle when you Go Orange. This ad-free experience offers more features, more stats, and more fun while also helping to support Sporcle. Thank you for becoming a member.

Show Comments

Extras

Top Quizzes Today


Score Distribution

Your Account Isn't Verified!

In order to create a playlist on Sporcle, you need to verify the email address you used during registration. Go to your Sporcle Settings to finish the process.

Report this User

Report this user for behavior that violates our Community Guidelines.

Details: